|
|
|
|
| LEADER |
00599cam a2200205 7i4500 |
| 001 |
0000003955 |
| 005 |
19991025090000.0 |
| 002 |
##000005391 |
| 020 |
0 |
0 |
|a 0-86442-316-0#
|
| 090 |
0 |
0 |
|a VIET 910.202
|b STO
|
| 100 |
0 |
0 |
|a Storey
|
| 245 |
0 |
0 |
|a Vietnam :
|b a travel survival kit..
|
| 250 |
0 |
0 |
|a 3rd ed..
|
| 260 |
0 |
0 |
|a Hawthorn:
|b Lonely Planet Publications,
|c 1995.
|
| 300 |
0 |
0 |
|a 537 p..
|
| 440 |
0 |
0 |
|a Series : Lonely Planet Travel survival kit
|
| 500 |
0 |
0 |
|a Includes index
|
| 651 |
0 |
0 |
|a Vietnam --
|x Guidebooks
|
| 700 |
0 |
0 |
|a Robinson,
|h Daniel
|
| 999 |
|
|
|a 0000006244
|b Book
|c Open shelf
|e Business Information Centre
|